NCAA Division I FCS Football Teams Nicknames - Statistics

General Stats
  • This quiz has been taken 175 times
  • The average score is 89 of 128
Answer Stats
Conference Nickname % Correct
Grambling State | Jackson State | Princeton | +3 others Tigers
97%
Alabama A&M | Bryant | Butler | +5 others Bulldogs
96%
Brown | Central Arkansas | Mercer | +2 others Bears
94%
Bucknell | Howard | North Dakota State Bison
94%
Eastern Washington | Morehead State | North Carolina Central Eagles
94%
South Dakota State Jackrabbits
90%
Columbia | Lindenwood | North Alabama | +2 others Lions
90%
Idaho Vandals
88%
Abilene Christian | Bethune-Cookman | Davidson | +3 others Wildcats
88%
Montana Grizzlies
87%
Montana State Bobcats
85%
Harvard Crimson
84%
Alabama State | Delaware State | Sacramento State Hornets
84%
Eastern Illinois | Northern Iowa | Prairie View A&M Panthers
82%
McNeese Cowboys
81%
Richmond Spiders
81%
Fordham | Rhode Island Rams
79%
Wofford Terriers
79%
Georgetown Hoyas
78%
North Carolina A&T | UC Davis Aggies
76%
Incarnate Word | Lamar Cardinals
76%
Dayton Flyers
76%
Northern Arizona | Stephen F. Austin Lumberjacks
75%
LIU Sharks
75%
Indiana State Sycamores
75%
Cornell Big Red
74%
Pennsylvania Quakers
71%
Florida A&M Rattlers
71%
Maine Black Bears
69%
Central Connecticut Blue Devils
69%
Monmouth Hawks
69%
Norfolk State Spartans
69%
Idaho State Bengals
68%
Campbell Fighting Camels
68%
Murray State Racers
68%
Stetson Hatters
66%
Youngstown State Penguins
66%
Duquesne Dukes
63%
Hampton Pirates
63%
Mississippi Valley State Delta Devils
62%
Albany Great Danes
62%
Southern Jaguars
62%
Cal Poly Mustangs
62%
Furman Paladins
62%
Illinois State Redbirds
62%
Portland State Vikings
62%
Dartmouth Big Green
60%
Charleston Southern | East Tennessee State Buccaneers
59%
Southeast Missouri State Redhawks
59%
Southern Illinois Salukis
59%
Eastern Kentucky | Nicholls Colonels
57%
Northwestern State Demons
57%
Austin Peay Governors
57%
South Dakota Coyotes
56%
Houston Christian Huskies
56%
Chattanooga Mocs
56%
William & Mary Tribe
56%
Stony Brook Seawolves
54%
Western Carolina Catamounts
53%
Robert Morris Colonials
51%
Holy Cross Crusaders
50%
VMI Keydets
50%
Lafayette Leopards
50%
Colgate Raiders
50%
Stonehill | UT Martin Skyhawks
50%
Marist Red Foxes
49%
West Georgia Wolves
49%
Wagner Seahawks
47%
Arkansas - Pine Bluff Golden Lions
46%
Elon Phoenix
46%
Tennessee Tech Golden Eagles
44%
St. Thomas Tommies
44%
North Dakota Fighting Hawks
43%
Lehigh Mountain Hawks
43%
San Diego Toreros
43%
Merrimack Warriors
43%
Presbyterian Blue Hose
41%
Western Illinois Leathernecks
41%
Gardner-Webb Runnin' Bulldogs
41%
Tarleton State Texans
38%
Southern Utah Thunderbirds
38%
Sacred Heart Pioneers
35%
Valparaiso Beacons
31%
Utah Tech Trailblazers
31%
UT Rio Grande Valley Vaqueros
31%
Alcorn State Braves
29%
Saint Francis Red Flash
29%
Mercyhurst Lakers
22%
No matching quizzes found
Score Distribution
Percent of People with Each Score
Percentile by Number Answered
Your Score History
You have not taken this quiz